[Event "FB21 2223 USV Halle - TuS Coswig 1920"]
[Site "?"]
[Date "2022.10.16"]
[Round "2.1"]
[White "Moses, Selina"]
[Black "Zhou, Lepu Coco"]
[Result "0-1"]
[WhiteElo "1904"]
[BlackElo "1935"]
[PlyCount "62"]
[EventDate "2022.??.??"]

1. e4 e6 2. d4 d5 3. Nd2 Be7 4. e5 c5 5. c3 Nc6 6. Bd3 cxd4 7. cxd4 Qb6 8. Ndf3 Bb4+ 9. Bd2 Bd7 10. Ne2 f6 11. exf6 Nxf6 12. O-O O-O 13. b3 Rae8 14. Bf4 Ng4 15. h3 e5 16. dxe5 Ngxe5 17. Nxe5 Nxe5 18. Bb1 Qb5 19. Qc2 Bf5 20. Qd1 Bxb1 21. Rxb1 Nf3+ 22. gxf3 Qxe2 23. Qxd5+ Kh8 24. Bg3 Rxf3 25. Qxb7 Bc5 26. Rbe1 Rxg3+ 27. Kh2 Rxh3+ 28. Kxh3 Qh5+ 29. Kg2 Qg4+ 30. Kh1 Qh4+ 31. Kg1 Bxf2+ 0-1

[Event "FB21 2223 USV Halle - TuS Coswig 1920"]
[Site "?"]
[Date "2022.10.16"]
[Round "2.2"]
[White "Voigt, Anastasia"]
[Black "Timme, Karin"]
[Result "0-1"]
[WhiteElo "1772"]
[BlackElo "2064"]
[PlyCount "130"]
[EventDate "2022.??.??"]

1. e4 c6 2. d4 d5 3. Nd2 dxe4 4. Nxe4 Bf5 5. Ng3 Bg6 6. Nf3 Nd7 7. Bc4 e6 8. O-O Ngf6 9. Re1 Qc7 10. c3 O-O-O 11. Qb3 Bd6 12. a4 Nd5 13. Ne4 Bf4 14. Bxf4 Nxf4 15. Ng3 h6 16. Rad1 Bh7 17. Ne2 Be4 18. Nxf4 Qxf4 19. Re3 Bd5 20. Bxd5 cxd5 21. Qc2 Kb8 22. Ne5 Nxe5 23. Rxe5 Rc8 24. Rd3 Qf6 25. Rf3 Qe7 26. Re1 Qd7 27. Ra1 Rc4 28. h3 Re8 29. Qe2 f6 30. Qd1 Rd8 31. Re3 Re8 32. Re1 e5 33. dxe5 fxe5 34. Qb3 Rc6 35. Rad1 Rd6 36. Qc2 d4 37. cxd4 exd4 38. Rxe8+ Qxe8 39. b3 Qe5 40. Qd3 a6 41. Qc4 Ka7 42. Qd3 Kb6 43. Rc1 Rc6 44. Rxc6+ Kxc6 45. Kf1 b5 46. Qg6+ Qf6 47. Qc2+ Kb6 48. axb5 axb5 49. Ke2 Qe5+ 50. Kf1 Qc5 51. Qg6+ Ka5 52. Qxg7 Qc1+ 53. Ke2 Qc2+ 54. Kf3 Qxb3+ 55. Ke4 Qc2+ 56. Kf3 d3 57. Qa7+ Kb4 58. Qd4+ Kb3 59. Qd5+ Qc4 60. Qd7 Kc2 61. Ke3 Qc5+ 62. Kf3 d2 63. Qh7+ Kc3 64. Qg7+ Qd4 65. Qc7+ Kb2 0-1

[Event "FB21 2223 USV Halle - TuS Coswig 1920"]
[Site "?"]
[Date "2022.10.16"]
[Round "2.3"]
[White "Richter, Ulrike"]
[Black "Stowicek, Yara Mathilda"]
[Result "1-0"]
[WhiteElo "1908"]
[BlackElo "1786"]
[PlyCount "93"]
[EventDate "2022.??.??"]

1. c4 Nf6 2. Nc3 e6 3. d4 d5 4. e3 c5 5. Nf3 Nc6 6. a3 a6 7. dxc5 Bxc5 8. b4 Ba7 9. cxd5 exd5 10. Bb2 O-O 11. Be2 d4 12. exd4 Nxd4 13. Nxd4 Qxd4 14. O-O Ne4 15. Nxe4 Qxb2 16. Bf3 Rb8 17. Qc1 Qe5 18. Re1 Qd4 19. Qc2 Bf5 20. Rad1 Qb6 21. Qa2 Bxe4 22. Bxe4 Rfd8 23. Bd5 Qf6 24. Rd3 Rd7 25. Rf3 Qg6 26. Bxf7+ Rxf7 27. Re7 Rbf8 28. Rfxf7 Qxf7 29. Rxf7 Rxf7 30. g3 Bxf2+ 31. Kg2 Ba7 32. Qd5 g6 33. a4 Kg7 34. Qe5+ Kg8 35. h4 Bf2 36. h5 gxh5 37. Qxh5 Ba7 38. b5 axb5 39. axb5 Bd4 40. Kh3 Bg7 41. Qd5 Bf8 42. Kh4 Kg7 43. Kh5 Ba3 44. g4 h6 45. Qe5+ Rf6 46. Qc7+ Rf7 47. Qc3+ 1-0

[Event "FB21 2223 USV Halle - TuS Coswig 1920"]
[Site "?"]
[Date "2022.10.16"]
[Round "2.4"]
[White "Petersen, Sophie"]
[Black "Moldenhauer, Antje"]
[Result "1/2-1/2"]
[WhiteElo "1695"]
[BlackElo "1810"]
[PlyCount "94"]
[EventDate "2022.??.??"]

1. e4 c5 2. Nf3 d6 3. Bb5+ Bd7 4. Bxd7+ Qxd7 5. c4 Nc6 6. Nc3 Nf6 7. d4 cxd4 8. Nxd4 g6 9. f3 Bg7 10. Be3 O-O 11. O-O Rac8 12. b3 e6 13. Rc1 Rfd8 14. Nxc6 bxc6 15. Qe2 d5 16. Bg5 h6 17. Bxf6 Bxf6 18. Rfd1 d4 19. e5 Bg5 20. Ne4 Qc7 21. Nxg5 hxg5 22. Rd3 c5 23. Qe4 a5 24. Re1 Ra8 25. Qg4 Qe7 26. Kf1 Rdb8 27. f4 gxf4 28. Qxf4 Kg7 29. Rf3 a4 30. Kg1 axb3 31. axb3 Ra3 32. Rh3 Rh8 33. Rf3 Rb8 34. Qg3 Rba8 35. Ref1 Ra1 36. h4 Rxf1+ 37. Rxf1 Rh8 38. Rf6 Rh5 39. Kf2 Rxe5 40. Rxg6+ fxg6 41. Qxe5+ Qf6+ 42. Qxf6+ Kxf6 43. g4 Ke5 44. Kf3 Kd6 45. Ke4 e5 46. Kd3 Ke6 47. Ke4 Kd6 1/2-1/2

[Event "FB21 2223 USV Halle - TuS Coswig 1920"]
[Site "?"]
[Date "2022.10.16"]
[Round "2.5"]
[White "Gebhardt, Christine"]
[Black "Eue, Vicky"]
[Result "1/2-1/2"]
[WhiteElo "1722"]
[BlackElo "1678"]
[PlyCount "81"]
[EventDate "2022.??.??"]

1. e4 d5 2. exd5 Qxd5 3. Nc3 Qa5 4. d4 Nf6 5. Bc4 c6 6. Bd2 Qc7 7. Nf3 Bg4 8. h3 Bh5 9. g4 Bg6 10. Ne5 e6 11. Nxg6 hxg6 12. Qe2 Be7 13. O-O-O Nbd7 14. Qf3 Nb6 15. Bf4 Bd6 16. Bxd6 Qxd6 17. Bb3 Nbd5 18. Bxd5 cxd5 19. Kb1 a6 20. Rhe1 O-O 21. h4 Nd7 22. h5 g5 23. Qe3 Qf4 24. Qxf4 gxf4 25. f3 Rae8 26. Ne2 g5 27. Nc1 Kg7 28. Nd3 Nb6 29. b3 Nd7 30. Ne5 Nxe5 31. dxe5 Rc8 32. Kb2 Rc6 33. a4 Rfc8 34. Re2 Rc3 35. Rd3 d4 36. Red2 b5 37. axb5 axb5 38. Rf2 Rxd3 39. cxd3 Rc3 40. Rd2 b4 41. Rd1 1/2-1/2

[Event "FB21 2223 USV Halle - TuS Coswig 1920"]
[Site "?"]
[Date "2022.10.16"]
[Round "2.6"]
[White "Derling, Charlotte"]
[Black "Fruebing, Simone"]
[Result "1/2-1/2"]
[WhiteElo "1569"]
[BlackElo "1727"]
[PlyCount "104"]
[EventDate "2022.??.??"]

1. e4 c5 2. Nf3 e6 3. d4 cxd4 4. Nxd4 a6 5. c4 Qc7 6. a3 Nf6 7. Nc3 Be7 8. Be3 Nc6 9. Nxc6 dxc6 10. Be2 e5 11. O-O Be6 12. b4 O-O 13. Qc2 Ng4 14. Bd2 f5 15. h3 Nh6 16. Bxh6 gxh6 17. exf5 Bxf5 18. Bd3 Bxd3 19. Qxd3 Bg5 20. Rad1 Rf7 21. Rfe1 Kh8 22. Ne4 Rd8 23. Nxg5 Rxd3 24. Nxf7+ Kg7 25. Rxd3 Kxf7 26. Red1 Ke6 27. Rd7 Qxd7 28. Rxd7 Kxd7 29. f3 c5 30. Kf2 cxb4 31. axb4 b6 32. Ke3 Kd6 33. Ke4 a5 34. c5+ Kc6 35. cxb6 a4 36. Kd3 Kxb6 37. Kc4 h5 38. h4 h6 39. g3 Kc6 40. b5+ Kb6 41. Kb4 a3 42. Kxa3 Kxb5 43. Kb3 Kc5 44. Kc3 Kd5 45. Kd3 Ke6 46. Ke4 Kf6 47. f4 exf4 48. gxf4 Ke6 49. f5+ Kd6 50. Kd4 Ke7 51. Ke5 Kf7 52. f6 Kf8 1/2-1/2

[Event "FB21 2223 SG Leipzig - SC Leipzig-Linde"]
[Site "?"]
[Date "2022.10.16"]
[Round "2.1"]
[White "Weimert, Miriam"]
[Black "Beltz, Franziska"]
[Result "1-0"]
[WhiteElo "1921"]
[BlackElo "2069"]
[PlyCount "49"]
[EventDate "2022.??.??"]

1. e4 c5 2. Nf3 d6 3. Bb5+ Bd7 4. Bxd7+ Qxd7 5. c4 Nc6 6. d4 cxd4 7. Nxd4 Nf6 8. Nc3 g6 9. f3 Bg7 10. Be3 O-O 11. O-O Qd8 12. Qd2 Nd7 13. Nxc6 bxc6 14. Rac1 c5 15. Rfd1 Ne5 16. Nd5 Rb8 17. b4 cxb4 18. Bxa7 Rb7 19. Bd4 Qa5 20. c5 e6 21. Bxe5 Bxe5 22. c6 Rb5 23. Ne7+ Kg7 24. c7 Qa7+ 25. Kh1 1-0

[Event "FB21 2223 SG Leipzig - SC Leipzig-Linde"]
[Site "?"]
[Date "2022.10.16"]
[Round "2.2"]
[White "Gempe, Anet"]
[Black "Spangenberg, Romy"]
[Result "1/2-1/2"]
[WhiteElo "1953"]
[BlackElo "1852"]
[PlyCount "47"]
[EventDate "2022.??.??"]

1. e4 c5 2. Nf3 Nc6 3. d4 cxd4 4. Nxd4 e6 5. a3 Nf6 6. Nc3 e5 7. Nb3 Be7 8. Be2 O-O 9. Be3 d6 10. O-O Be6 11. f3 d5 12. exd5 Nxd5 13. Nxd5 Bxd5 14. Nc5 Bxc5 15. Bxc5 Re8 16. b4 b6 17. Bf2 Be6 18. Bb5 Qc7 19. Qd3 Red8 20. Qc3 Rac8 21. Bxc6 Qxc6 22. Qxe5 Qxc2 23. Bd4 Qg6 24. Rfc1 1/2-1/2

[Event "FB21 2223 SG Leipzig - SC Leipzig-Linde"]
[Site "?"]
[Date "2022.10.16"]
[Round "2.3"]
[White "Herbrig, Marie-Helen"]
[Black "Beltz, Martina"]
[Result "0-1"]
[WhiteElo "1871"]
[BlackElo "1911"]
[PlyCount "124"]
[EventDate "2022.??.??"]

1. d4 d5 2. Nf3 e6 3. Bf4 f5 4. e3 Nf6 5. Bd3 Be7 6. O-O O-O 7. c4 c6 8. Nc3 Ne4 9. Qb3 Kh8 10. Rfc1 Nd7 11. Ne5 Nxe5 12. Bxe5 Nd2 13. Qa4 Bd6 14. Bxd6 Qxd6 15. cxd5 exd5 16. f3 Qh6 17. Nd1 f4 18. Qb4 Nxf3+ 19. gxf3 Qg5+ 20. Kh1 Bh3 21. Qd2 fxe3 22. Qe2 Rae8 23. Nc3 Qf4 24. Rg1 Qxd4 25. Rg3 Bf5 26. Rd1 Qh4 27. Qc2 Bxd3 28. Qxd3 Re6 29. Qe2 d4 30. Ne4 Rxe4 31. Kg2 Ref4 32. Rf1 Qe7 33. Kh1 c5 34. b3 g6 35. Re1 a6 36. a4 Qe6 37. Qd1 Qd5 38. Rxe3 Qh5 39. Rd3 Rh4 40. Qc2 Rhf4 41. Kg2 Qd5 42. Rh3 R4f7 43. Qd2 Rf4 44. Qa5 Qc6 45. Qe1 Re8 46. Qd2 Rf7 47. b4 b6 48. Qc2 Rfe7 49. Rd2 Re3 50. Qc4 Qe6 51. Qxe6 R8xe6 52. Kf1 Re1+ 53. Kf2 Ra1 54. a5 c4 55. Rxd4 c3 56. Rd8+ Kg7 57. Rd7+ Kf6 58. Rhxh7 c2 59. f4 Kf5 60. Kf3 Ra3+ 61. Kf2 c1=Q 62. Rhf7+ Ke4 0-1

[Event "FB21 2223 SG Leipzig - SC Leipzig-Linde"]
[Site "?"]
[Date "2022.10.16"]
[Round "2.4"]
[White "Just, Gabriele"]
[Black "Lowke, Kathrin"]
[Result "0-1"]
[WhiteElo "1832"]
[BlackElo "1814"]
[PlyCount "108"]
[EventDate "2022.??.??"]

1. d4 Nf6 2. Nf3 g6 3. Bg5 Bg7 4. Nbd2 d6 5. e3 O-O 6. Bd3 Nc6 7. c3 Qe8 8. O-O e5 9. Bxf6 Bxf6 10. a4 Bg4 11. h3 Bd7 12. d5 Ne7 13. Qb3 Rb8 14. Bb5 c6 15. Bc4 cxd5 16. Bxd5 Bc6 17. Bxc6 bxc6 18. Qc2 d5 19. Nb3 Nc8 20. a5 Nd6 21. Nfd2 Bg5 22. Nc5 f5 23. b4 e4 24. Ndb3 Bf6 25. Nd4 Bxd4 26. exd4 f4 27. Qe2 Qc8 28. Rfc1 f3 29. Qa6 Qf5 30. g4 Qf4 31. Qxc6 e3 32. Qxd5+ Rf7 33. Qa2 e2 34. Nd3 Qh6 35. Kh2 Qh4 36. Qe6 Ne8 37. Qe5 Rd8 38. Qg3 Qh6 39. Ne5 Rf8 40. Nxf3 Nd6 41. Re1 Ne4 42. Qg2 Qf4+ 43. Kg1 Nxc3 44. Ne5 Rxd4 45. Nc6 Rd1 46. Ne7+ Kg7 47. Nf5+ gxf5 48. gxf5+ Kh8 49. Qc6 Rg8+ 50. Kh1 Qe4+ 51. Qxe4 Nxe4 52. f3 Nf2+ 53. Kh2 Rxa1 54. Rxa1 Nd1 0-1

[Event "FB21 2223 SG Leipzig - SC Leipzig-Linde"]
[Site "?"]
[Date "2022.10.16"]
[Round "2.5"]
[White "Spangenberg, Pia"]
[Black "Oswald, Lena"]
[Result "1-0"]
[WhiteElo "1805"]
[BlackElo "1795"]
[PlyCount "93"]
[EventDate "2022.??.??"]

1. e4 c5 2. Nf3 Nc6 3. d4 cxd4 4. Nxd4 Nf6 5. Nc3 d6 6. Bc4 g6 7. f3 Bg7 8. Be3 Bd7 9. Qd2 O-O 10. O-O-O Rc8 11. Bb3 Ne5 12. g4 b5 13. Bh6 a5 14. a4 bxa4 15. Bxg7 Kxg7 16. Nxa4 Nc4 17. Bxc4 Rxc4 18. Nc3 a4 19. h4 h5 20. g5 Nh7 21. f4 Qb6 22. Nd5 Qb7 23. Qd3 Rc5 24. f5 Rb8 25. Nxe7 Qxb2+ 26. Kd2 Qb4+ 27. Ke2 Qc4 28. f6+ Kh8 29. Rb1 Ra8 30. Nd5 Qxd3+ 31. Kxd3 Bg4 32. Ra1 Nf8 33. Rhb1 Ne6 34. Nxe6 Bxe6 35. Nb6 Ra7 36. Rxa4 Rxa4 37. Nxa4 Ra5 38. Rb8+ Kh7 39. Nc3 Rc5 40. Rd8 Rc6 41. Nd5 Bh3 42. c3 Ra6 43. Nc7 Ra1 44. Ne8 Rd1+ 45. Kc2 Re1 46. Nxd6 Re2+ 47. Kd3 1-0

[Event "FB21 2223 SG Leipzig - SC Leipzig-Linde"]
[Site "?"]
[Date "2022.10.16"]
[Round "2.6"]
[White "Oswald, Hannah"]
[Black "Lorenz, Nicole"]
[Result "1/2-1/2"]
[WhiteElo "1746"]
[BlackElo "1874"]
[PlyCount "54"]
[EventDate "2022.??.??"]

1. e4 c6 2. d4 d5 3. exd5 cxd5 4. Bd3 Nc6 5. c3 Nf6 6. Bf4 Bg4 7. Nf3 Qb6 8. Qb3 Qxb3 9. axb3 Bxf3 10. gxf3 e6 11. Nd2 Nh5 12. Be3 Bd6 13. h4 Nf4 14. Bf1 h5 15. Rg1 Ne7 16. Bb5+ Kf8 17. c4 Nfg6 18. c5 Bc7 19. Rh1 f6 20. Ke2 Nf4+ 21. Kf1 g5 22. hxg5 fxg5 23. Nb1 Kf7 24. Nc3 a6 25. Be2 Nf5 26. Bd1 h4 27. Ne2 Nxe2 1/2-1/2

[Event "FB21 2223 SC Rochade Zeulenroda - SC Ro"]
[Site "?"]
[Date "2022.10.16"]
[Round "2.1"]
[White "Goehler, Antje"]
[Black "Wagner, Victoria"]
[Result "0-1"]
[WhiteElo "2102"]
[BlackElo "1801"]
[PlyCount "68"]
[EventDate "2022.??.??"]

1. d4 d5 2. Nf3 Nf6 3. c4 e6 4. Nc3 a6 5. c5 b6 6. cxb6 c5 7. e3 cxd4 8. exd4 Qxb6 9. Be2 Bd6 10. O-O O-O 11. Na4 Qc7 12. Bd2 Nbd7 13. Rc1 Qb8 14. h3 Ne4 15. Ba5 Bb7 16. Qb3 Bf4 17. Rc2 Rc8 18. Bd3 Rxc2 19. Qxc2 Qc8 20. Qe2 Bc6 21. Nb6 Nxb6 22. Bxb6 Qb7 23. Ba5 Bb5 24. g3 Bxg3 25. fxg3 Nxg3 26. Qd2 Bxd3 27. Qxd3 Nxf1 28. Ng5 g6 29. Qxf1 h6 30. Nf3 Qxb2 31. Bd2 Kg7 32. Bc1 Qb5 33. Qe1 Rc8 34. Qe3 Qb1 0-1

[Event "FB21 2223 SC Rochade Zeulenroda - SC Ro"]
[Site "?"]
[Date "2022.10.16"]
[Round "2.2"]
[White "Wagner, Margarethe"]
[Black "Burchardt, Brigitte"]
[Result "0-1"]
[WhiteElo "1930"]
[BlackElo "2057"]
[PlyCount "92"]
[EventDate "2022.??.??"]

1. e4 c5 2. Nf3 d6 3. d4 cxd4 4. Nxd4 Nf6 5. Nc3 a6 6. Bd3 e5 7. Nde2 Be6 8. f4 Nc6 9. f5 Bc8 10. Bg5 Be7 11. Bxf6 Bxf6 12. a4 Ne7 13. Bc4 Qc7 14. Qd3 O-O 15. Rd1 Rd8 16. g4 Bh4+ 17. Ng3 Bd7 18. Bb3 Qc5 19. Qc4 Qxc4 20. Bxc4 Rac8 21. Bb3 Bc6 22. O-O b5 23. axb5 axb5 24. Nh5 Bf6 25. Nd5 Bxd5 26. Nxf6+ gxf6 27. exd5 Rc5 28. c3 Nc8 29. h4 Nb6 30. g5 Kg7 31. Kf2 Nc4 32. Bxc4 Rxc4 33. Kg3 h6 34. gxh6+ Kxh6 35. Kh3 Kh5 36. Kg3 b4 37. cxb4 Rxb4 38. Rc1 Rg8+ 39. Kf3 Rb3+ 40. Kf2 Rxb2+ 41. Kf3 Rg4 42. Rg1 Rxh4 43. Rh1 Rxh1 44. Rxh1+ Kg5 45. Rh7 Rd2 46. Rxf7 Kxf5 0-1

[Event "FB21 2223 SC Rochade Zeulenroda - SC Ro"]
[Site "?"]
[Date "2022.10.16"]
[Round "2.3"]
[White "Wagner-Michel, Annett"]
[Black "von Erichsen, Annegret"]
[Result "1/2-1/2"]
[WhiteElo "2007"]
[BlackElo "1994"]
[PlyCount "32"]
[EventDate "2022.??.??"]

1. e4 c5 2. Nf3 d6 3. Bb5+ Bd7 4. a4 Nc6 5. O-O Nf6 6. Nc3 e6 7. d3 Be7 8. h3 O-O 9. Bf4 d5 10. exd5 Nxd5 11. Bd2 Nxc3 12. Bxc3 Bf6 13. Re1 Nd4 14. Bxd7 Nxf3+ 15. Qxf3 Bxc3 16. bxc3 Qxd7 1/2-1/2

[Event "FB21 2223 SC Rochade Zeulenroda - SC Ro"]
[Site "?"]
[Date "2022.10.16"]
[Round "2.5"]
[White "Wolf, Sylvia"]
[Black "Dietrich, Mareike"]
[Result "1/2-1/2"]
[WhiteElo "2037"]
[BlackElo "1756"]
[PlyCount "37"]
[EventDate "2022.??.??"]

1. e4 c5 2. Nf3 d6 3. Bb5+ Nd7 4. O-O a6 5. Be2 Ngf6 6. d3 e6 7. c3 b5 8. a4 Bb7 9. axb5 axb5 10. Rxa8 Bxa8 11. Qb3 Qb6 12. Na3 Bc6 13. Bf4 Be7 14. e5 Nh5 15. Be3 g6 16. d4 c4 17. Qd1 Qb7 18. Bh6 Rg8 19. Be3 1/2-1/2

[Event "FB21 2223 SC Rochade Zeulenroda - SC Ro"]
[Site "?"]
[Date "2022.10.16"]
[Round "2.6"]
[White "Riemer-Nlula, Marion"]
[Black "Mai, Iris"]
[Result "1/2-1/2"]
[WhiteElo "1821"]
[BlackElo "2004"]
[PlyCount "29"]
[EventDate "2022.??.??"]

1. e4 c5 2. d4 cxd4 3. c3 Nf6 4. e5 Nd5 5. cxd4 e6 6. Nf3 Nc6 7. Be2 d6 8. O-O Qc7 9. exd6 Bxd6 10. Nc3 Nxc3 11. bxc3 O-O 12. Bb2 Bd7 13. Qc2 e5 14. Ng5 g6 15. Qe4 1/2-1/2

[Event "FB21 2223 SG 1871 Löberitz - SG Leipzi"]
[Site "?"]
[Date "2022.11.12"]
[Round "3.1"]
[White "Gempe, Anet"]
[Black "Rogule, Laura"]
[Result "1/2-1/2"]
[WhiteElo "1953"]
[BlackElo "2270"]
[PlyCount "151"]
[EventDate "2022.??.??"]

1. e4 c5 2. Nf3 Nc6 3. d4 cxd4 4. Nxd4 Nf6 5. Nc3 d6 6. Be2 e5 7. Nb3 Be7 8. Be3 Be6 9. O-O O-O 10. f3 d5 11. exd5 Nxd5 12. Nxd5 Bxd5 13. c3 b6 14. Ba6 Qd6 15. Qe2 Rad8 16. Rad1 Qc7 17. Kh1 Bf6 18. Rd2 Rd6 19. Rfd1 Rfd8 20. Bb5 Ne7 21. c4 Be6 22. Rxd6 Rxd6 23. Rxd6 Qxd6 24. c5 Qc7 25. Bc4 Bxc4 26. Qxc4 Nf5 27. Bg1 g6 28. Qa6 Nd4 29. cxb6 axb6 30. Qd3 h6 31. Nd2 Qc1 32. Ne4 Bg7 33. Qd2 Qf1 34. Ng3 Qc4 35. b3 Qc6 36. Qd3 Qc1 37. Ne4 b5 38. Qd2 Qa1 39. h3 Kh7 40. Kh2 f5 41. Nd6 e4 42. f4 g5 43. Bxd4 Bxd4 44. Nxf5 Qg1+ 45. Kg3 gxf4+ 46. Kxf4 Qh2+ 47. Kg4 Be5 48. Qxh6+ Kg8 49. Qg6+ Kf8 50. Kh5 b4 51. Nh6 Qf4 52. Qf5+ Kg7 53. Qxf4 Bxf4 54. Nf5+ Kf6 55. Nd4 Bd2 56. g4 Ke5 57. Ne2 e3 58. g5 Ke4 59. g6 Bc3 60. Kg4 Bg7 61. Ng3+ Kd3 62. Kf3 Be5 63. Ne2 Kd2 64. h4 Bg7 65. h5 Bh6 66. Ng3 Kd3 67. Ne2 Kd2 68. Ng1 Kd3 69. Kg4 Ke4 70. Nf3 e2 71. Kg3 Ke3 72. Ne1 Bf4+ 73. Kg2 Bh6 74. Kg3 Bf4+ 75. Kg4 Bh6 76. Kg3 1/2-1/2

[Event "FB21 2223 SG 1871 Löberitz - SG Leipzi"]
[Site "?"]
[Date "2022.11.12"]
[Round "3.2"]
[White "Berzina, Ilze"]
[Black "Beltz, Martina"]
[Result "1-0"]
[WhiteElo "2132"]
[BlackElo "1922"]
[PlyCount "59"]
[EventDate "2022.??.??"]

1. e4 c5 2. Nf3 d6 3. Bb5+ Bd7 4. Bxd7+ Qxd7 5. O-O Nc6 6. c3 Nf6 7. Qe2 g6 8. d4 cxd4 9. cxd4 Bg7 10. Nc3 O-O 11. Rd1 Rac8 12. Bg5 h6 13. Bh4 Nh5 14. Qe3 f5 15. exf5 Qxf5 16. d5 Ne5 17. Nxe5 Bxe5 18. Bg3 Nxg3 19. hxg3 a6 20. Rd2 g5 21. Ne2 Qf6 22. Nd4 Bxd4 23. Rxd4 Rc2 24. Rf1 Rxb2 25. Re4 Rf7 26. Re6 Qg7 27. Qe4 Kf8 28. Rc1 Ke8 29. Rc8+ Kd7 30. Qc4 1-0

[Event "FB21 2223 SG 1871 Löberitz - SG Leipzi"]
[Site "?"]
[Date "2022.11.12"]
[Round "3.3"]
[White "Petri, Birgit"]
[Black "Otikova, Elina"]
[Result "0-1"]
[WhiteElo "1976"]
[BlackElo "2089"]
[PlyCount "56"]
[EventDate "2022.??.??"]

1. e4 e5 2. Nf3 Nc6 3. Nc3 Nf6 4. Bb5 Bb4 5. O-O O-O 6. d3 d6 7. h3 Ne7 8. Ne2 Ng6 9. c3 Ba5 10. Qc2 c6 11. Ba4 Nh5 12. Be3 h6 13. Ng3 Nhf4 14. d4 Nh4 15. Nxh4 Qxh4 16. Bxf4 exf4 17. Nf5 Qf6 18. Qd3 Kh7 19. d5 c5 20. g3 g6 21. Nh4 Bxh3 22. Rfe1 Bg4 23. Ng2 c4 24. Qd2 fxg3 25. fxg3 Bb6+ 26. Kh2 Qe5 27. Bd1 Bxd1 28. Qxd1 Bf2 0-1

[Event "FB21 2223 SG 1871 Löberitz - SG Leipzi"]
[Site "?"]
[Date "2022.11.12"]
[Round "3.4"]
[White "Endress, Anna"]
[Black "Lobe, Sandra"]
[Result "1/2-1/2"]
[WhiteElo "2112"]
[BlackElo "1792"]
[PlyCount "68"]
[EventDate "2022.??.??"]

1. e4 d6 2. d4 Nf6 3. Nc3 g6 4. Be3 Bg7 5. f3 O-O 6. Qd2 e5 7. Nge2 Nbd7 8. g4 Qe7 9. g5 Nh5 10. Nd5 Qd8 11. O-O-O c6 12. Ndc3 Re8 13. Rg1 Qe7 14. f4 Nxf4 15. Nxf4 exf4 16. Bxf4 Nb6 17. h4 Be6 18. Kb1 Rad8 19. Qh2 d5 20. Bc7 Rd7 21. Bxb6 axb6 22. exd5 Bxd5 23. Nxd5 Rxd5 24. c3 b5 25. Bg2 Rdd8 26. Qg3 Qd6 27. Qxd6 Rxd6 28. Rge1 Red8 29. Re7 R8d7 30. Rde1 Bf8 31. Rxd7 Rxd7 32. Kc2 Kg7 33. Bh3 Rd8 34. Re4 Bd6 1/2-1/2

[Event "FB21 2223 SG 1871 Löberitz - SG Leipzi"]
[Site "?"]
[Date "2022.11.12"]
[Round "3.5"]
[White "Oswald, Lena"]
[Black "Naumann, Nadine"]
[Result "1-0"]
[WhiteElo "1801"]
[BlackElo "1947"]
[PlyCount "57"]
[EventDate "2022.??.??"]

1. e4 c6 2. d4 d5 3. Nc3 dxe4 4. Nxe4 Nf6 5. Nxf6+ exf6 6. c3 Bd6 7. Bd3 O-O 8. Qc2 g6 9. Ne2 Re8 10. O-O Qc7 11. h3 b6 12. Be3 f5 13. Qd2 Nd7 14. Bh6 Nf8 15. h4 Ne6 16. h5 Qe7 17. g3 Qf6 18. hxg6 hxg6 19. Kg2 Bb7 20. Bc4 Bf8 21. Bxf8 Kxf8 22. Rae1 Ng5 23. Nf4 Ne4 24. Qc2 Qg5 25. Rh1 Kg7 26. Bxf7 Nxg3 27. fxg3 Re4 28. Rxe4 fxe4 29. Ne6+ 1-0

[Event "FB21 2223 SG 1871 Löberitz - SG Leipzi"]
[Site "?"]
[Date "2022.11.12"]
[Round "3.6"]
[White "Giebel, Christine"]
[Black "Oswald, Hannah"]
[Result "1/2-1/2"]
[WhiteElo "1829"]
[BlackElo "1766"]
[PlyCount "65"]
[EventDate "2022.??.??"]

1. e4 e5 2. Nf3 Nc6 3. d4 exd4 4. Nxd4 Bc5 5. Be3 Qf6 6. c3 Nge7 7. Qf3 Qg6 8. Nd2 Ne5 9. Qg3 d6 10. Qxg6 N7xg6 11. h3 Bd7 12. a4 a5 13. f4 Nc6 14. Nc4 O-O 15. Bd3 Nh4 16. O-O f5 17. g3 fxe4 18. Bxe4 Nf5 19. Nxf5 Bxf5 20. Bd5+ Kh8 21. g4 Bd3 22. Rfe1 Bxe3+ 23. Nxe3 Rxf4 24. Rad1 Bg6 25. Nc4 Bc2 26. Rd2 Bxa4 27. Rde2 Rff8 28. Re6 h6 29. Ne3 Rae8 30. Nf5 Rxe6 31. Rxe6 Nd8 32. Re7 c6 33. Be4 1/2-1/2

[Event "FB21 2223 USV Halle - SC Rochade Zeulen"]
[Site "?"]
[Date "2022.11.12"]
[Round "3.1"]
[White "Wagner, Margarethe"]
[Black "Zhou, Lepu Coco"]
[Result "1-0"]
[WhiteElo "1912"]
[BlackElo "1894"]
[PlyCount "61"]
[EventDate "2022.??.??"]

1. e4 c5 2. Nf3 e6 3. d4 cxd4 4. Nxd4 Nf6 5. Nc3 Nc6 6. Ndb5 Bb4 7. a3 Bxc3+ 8. Nxc3 d5 9. exd5 exd5 10. Bd3 O-O 11. O-O Bg4 12. f3 Bh5 13. Bg5 Qb6+ 14. Kh1 Ne4 15. Nxe4 dxe4 16. Bxe4 Qxb2 17. Qb1 Qxb1 18. Raxb1 Bg6 19. Bxg6 hxg6 20. Rxb7 Nd4 21. Rc1 Rfc8 22. c4 a5 23. c5 a4 24. Be3 Nb3 25. Rc3 Ra6 26. Rb4 f5 27. Bg1 Rcc6 28. Rcc4 Nd2 29. Rd4 Nb3 30. Rd8+ Kh7 31. Rh4# 1-0

[Event "FB21 2223 USV Halle - SC Rochade Zeulen"]
[Site "?"]
[Date "2022.11.12"]
[Round "3.2"]
[White "Voigt, Anastasia"]
[Black "von Erichsen, Annegret"]
[Result "1-0"]
[WhiteElo "1753"]
[BlackElo "1981"]
[PlyCount "69"]
[EventDate "2022.??.??"]

1. e4 c5 2. Nf3 d6 3. d4 cxd4 4. Nxd4 Nf6 5. Nc3 a6 6. Be3 e6 7. f3 Be7 8. Qd2 O-O 9. O-O-O Nc6 10. g4 Nxd4 11. Bxd4 b5 12. Kb1 Bb7 13. g5 Nh5 14. Be3 Rc8 15. Bd3 b4 16. Ne2 d5 17. Ng3 g6 18. Nxh5 gxh5 19. Qf2 f5 20. exf5 exf5 21. Rhg1 Rc6 22. Bd4 Qc8 23. Rde1 Re6 24. Qh4 Rxe1+ 25. Rxe1 Bc5 26. Bxc5 Qxc5 27. Qxh5 Qf2 28. Rf1 Qg2 29. Qh4 Re8 30. b3 a5 31. Qg3 Qd2 32. Bxf5 d4 33. Qh4 Re7 34. g6 Qe3 35. gxh7+ 1-0

[Event "FB21 2223 USV Halle - SC Rochade Zeulen"]
[Site "?"]
[Date "2022.11.12"]
[Round "3.3"]
[White "Skibbe, Diana"]
[Black "Stowicek, Yara Mathilda"]
[Result "1/2-1/2"]
[WhiteElo "1970"]
[BlackElo "1762"]
[PlyCount "95"]
[EventDate "2022.??.??"]

1. e4 e5 2. Nf3 Nc6 3. Bb5 a6 4. Ba4 Nf6 5. O-O Nxe4 6. d4 b5 7. Bb3 d5 8. dxe5 Be6 9. c3 Be7 10. Nbd2 Nc5 11. Bc2 Qd7 12. Nb3 Nxb3 13. axb3 O-O 14. Qd3 g6 15. Qe2 Bf5 16. Bf4 Qe6 17. Rfe1 Bxc2 18. Qxc2 Rfd8 19. Bg3 a5 20. Red1 b4 21. h3 Rd7 22. Rd3 Qf5 23. Qd2 Qe6 24. c4 Rad8 25. Rd1 d4 26. Qe2 f6 27. Qe4 fxe5 28. Nxe5 Nxe5 29. Qxe5 Qxe5 30. Bxe5 c5 31. Kf1 Rf8 32. Ra1 Ra7 33. Re1 Rd7 34. Re4 Rf7 35. Bg3 Kf8 36. Ke2 Kg8 37. Rd1 Rf8 38. Kd3 Rf7 39. Rde1 Kf8 40. Re6 Rf6 41. Rxf6+ Bxf6 42. Re6 Be7 43. Ra6 Bd8 44. Bd6+ Be7 45. Bxe7+ Rxe7 46. Rxa5 Re5 47. Ra7 h5 48. Ra1 1/2-1/2

[Event "FB21 2223 USV Halle - SC Rochade Zeulen"]
[Site "?"]
[Date "2022.11.12"]
[Round "3.4"]
[White "Petersen, Sophie"]
[Black "Jacke, Corinna"]
[Result "1/2-1/2"]
[WhiteElo "1685"]
[BlackElo "1931"]
[PlyCount "68"]
[EventDate "2022.??.??"]

1. e4 e6 2. Nf3 d5 3. e5 c5 4. b4 cxb4 5. a3 Qc7 6. axb4 Nc6 7. Bb2 Bxb4 8. c3 Be7 9. d4 Bd7 10. Bd3 Na5 11. Nbd2 b5 12. O-O Nh6 13. Qe2 Rb8 14. Ba3 Bxa3 15. Rxa3 Nc4 16. Bxc4 bxc4 17. Rfa1 Rb7 18. Nf1 O-O 19. Ne3 Ra8 20. Qa2 Qb8 21. Nd1 Nf5 22. g4 Ne7 23. Qc2 Nc6 24. Ng5 g6 25. Qd2 h6 26. Nf3 Kg7 27. h4 Qd8 28. Kh2 Rab8 29. Qc2 Rb3 30. Kg2 a5 31. R3a2 Ra8 32. g5 h5 33. Nd2 Rbb8 34. Nb2 Ne7 1/2-1/2